[Event "chess.com QF Blitz 5m+2spm 2016"]
[Site "chess.com INT"]
[Date "2016.05.04"]
[Round "7"]
[White "Nakamura,Hi"]
[Black "Harikrishna,P"]
[Result "1/2-1/2"]
[WhiteElo "2787"]
[BlackElo "2763"]

1.d4 d5 2.c4 c6 3.Nf3 Nf6 4.e3 g6 5.Nc3 Bg7 6.Be2 O-O 7.O-O Bg4 8.Qb3 b6
9.cxd5 cxd5 10.h3 Bc8 11.Bd2 Nc6 12.Ne5 Bb7 13.Nxc6 Bxc6 14.Ba6 Qd7 15.Rac1 Bb7
16.Bb5 Qf5 17.Ne2 Rfc8 18.Bb4 Bf8 19.Qa3 a6 20.Bd3 Qd7 21.Qb3 Ne4 22.f3 Nd6
23.Bd2 b5 24.Qd1 Nc4 25.Bxc4 dxc4 26.e4 f5 27.Qc2 fxe4 28.fxe4 Bg7 29.Bc3 Rf8
30.d5 e5 31.Qd2 Rxf1+ 32.Rxf1 Rf8 33.Rxf8+ Kxf8 34.Kh1 Qf7 35.Ng1 Qf4 36.Qxf4+ exf4
37.h4 h6 38.Nh3 Bxc3 39.bxc3 Kf7 40.Kg1 Kf6 41.Nxf4 g5 42.hxg5+ hxg5 43.Ne6 Ke5
44.Kf2 Bc8 45.Nxg5 Kf4 46.Nf7 Bg4 47.e5 b4 48.e6 bxc3 49.e7 Bd7 50.Ke1 Ba4
51.Nd6 Ke3 52.Nxc4+ Kd3 53.Na3 Kd4 54.Ke2 Kxd5 55.Kd3 Kd6 56.Kxc3 Kxe7 57.Nc4 Bc6
58.g3 Ke6 59.Kd4 Kf5 60.Ne3+ Ke6 61.a3 Bb5 62.Ke4 Bc6+ 63.Kf4 Kf6 64.g4 Bd7
65.g5+ Ke6 66.Nc4 Ba4 67.Ne3 Bb5 68.Ke4 Be8 69.Kf4 Bg6 70.Ng4 Kd5 71.Ne5 Bb1
72.Nf3 a5 73.Nh4 Bh7 74.Nf5 Kc4 75.Ke5 Kb3 76.Nd6 Kxa3 77.Nc4+ Kb4 78.Nxa5 Kxa5
79.Kd4 Kb6 80.Kd5 Kc7 81.Ke6 Bc2 82.Ke7 Kc6 83.Ke6 Kc7 84.Ke7 Kc6 85.Ke6 Kc7
86.Ke5 Kd7 87.Kd5 Ke7 88.Ke5 Kf7 89.Kd4 Kg6 90.Kc3 Kxg5  1/2-1/2

[Event "chess.com QF Blitz 5m+2spm 2016"]
[Site "chess.com INT"]
[Date "2016.05.04"]
[Round "8"]
[White "Harikrishna,P"]
[Black "Nakamura,Hi"]
[Result "1/2-1/2"]
[WhiteElo "2763"]
[BlackElo "2787"]

1.e4 e5 2.Nf3 Nc6 3.Bc4 Bc5 4.O-O Nf6 5.d3 d6 6.c3 a6 7.Bb3 O-O 8.h3 h6 9.Re1 Re8
10.Nbd2 Be6 11.Nc4 b5 12.Ne3 Bxb3 13.axb3 Ne7 14.Nh4 Bxe3 15.Bxe3 Qd7 16.Qf3 Qe6
17.c4 c5 18.Ra5 Nc6 19.Raa1 Kh7 20.Nf5 Ng8 21.Red1 b4 22.Rf1 g6 23.Nh4 Nge7
24.g4 Kg7 25.Kh2 Rh8 26.Rg1 g5 27.Nf5+ Kf8 28.Nxe7 Kxe7 29.Kg2 a5 30.Rh1 Rag8
31.Qf5 Qg6 32.Qxg6 Rxg6 33.h4 f6 34.h5 Rgg8  1/2-1/2

[Event "chess.com QF Blitz 3m+2spm 2016"]
[Site "chess.com INT"]
[Date "2016.05.04"]
[Round "10"]
[White "Harikrishna,P"]
[Black "Nakamura,Hi"]
[Result "1-0"]
[WhiteElo "2763"]
[BlackElo "2787"]

1.e4 e5 2.Nf3 Nc6 3.Bb5 Nf6 4.O-O Bc5 5.Nxe5 O-O 6.Nf3 Nxe4 7.d4 Bb6 8.d5 Ne7
9.Bd3 Nf6 10.d6 cxd6 11.Bg5 Ng6 12.Nc3 h6 13.Bxf6 Qxf6 14.Nd5 Qd8 15.Bxg6 fxg6
16.Qd3 Qe8 17.Rae1 Qf7 18.Ne7+ Kh7 19.Ng5+  1-0

[Event "chess.com QF Blitz 3m+2spm 2016"]
[Site "chess.com INT"]
[Date "2016.05.04"]
[Round "11"]
[White "Nakamura,Hi"]
[Black "Harikrishna,P"]
[Result "1/2-1/2"]
[WhiteElo "2787"]
[BlackElo "2763"]

1.d4 Nf6 2.c4 e6 3.Nf3 d5 4.Nc3 Be7 5.Bg5 h6 6.Bh4 O-O 7.e3 b6 8.cxd5 Nxd5
9.Bxe7 Qxe7 10.Nxd5 exd5 11.Qb3 Be6 12.Rc1 c5 13.Qa3 Rc8 14.Bb5 Kf8 15.dxc5 bxc5
16.O-O Nd7 17.Bxd7 Bxd7 18.Rfd1 Be6 19.Rc3 Rc7 20.Rdc1 Rac8 21.Nd4 Bd7 22.Nb3 c4
23.Qxe7+ Kxe7 24.Nd4 Rb7 25.b3 cxb3 26.axb3 Rxc3 27.Rxc3 a5 28.h3 a4 29.bxa4 Bxa4
30.Rc5 Kd6 31.Ra5 Bd7 32.g4 h5 33.Ra6+ Ke7 34.gxh5 Bxh3 35.h6 gxh6 36.Rxh6 Bd7
37.Kg2 Rb2 38.Kg3 Ra2 39.Rb6 Be6 40.f3 Ra3 41.Kf4 Kf6 42.Rb1 Rc3 43.Rh1 Ra3
44.Rh6+ Kg7 45.Rh5 Kf6 46.Rh6+ Kg7 47.Rh2 Kf6 48.Rd2 Rc3 49.Re2 Ra3 50.Kg3 Ke5
51.Kf2 Kf6 52.Rb2 Rc3 53.Ne2 Ra3 54.Nf4 Ke5 55.Ne2 Kf6 56.Rc2 Ke5 57.Rd2 Kf6
58.Rb2 Ke5 59.Nd4 Kf6 60.f4 Ra6 61.Kf3 Bf5 62.Kg3 Be4 63.Rb3 Ra2 64.Rb6+ Ke7
65.f5 f6 66.Nc6+ Kd6 67.Nb4+ Kc5 68.Nxa2 Kxb6 69.Kf4 Kc5 70.Nc3 Bd3 71.Nd1 d4
72.e4 Bc2 73.Nf2 Kd6 74.Kf3 d3 75.Ke3 d2 76.Kxd2 Bxe4 77.Nxe4+ Ke5 78.Ke3 Kxf5
79.Kf3 Ke5 80.Nxf6  1/2-1/2

[Event "chess.com QF Blitz 3m+2spm 2016"]
[Site "chess.com INT"]
[Date "2016.05.04"]
[Round "12"]
[White "Harikrishna,P"]
[Black "Nakamura,Hi"]
[Result "1/2-1/2"]
[WhiteElo "2763"]
[BlackElo "2787"]

1.e4 e5 2.Nf3 Nc6 3.Bc4 Bc5 4.Nc3 Nf6 5.d3 d6 6.Bg5 h6 7.Bxf6 Qxf6 8.Nd5 Qd8
9.c3 O-O 10.b4 Bb6 11.O-O Ne7 12.Nxb6 axb6 13.d4 Ng6 14.dxe5 Ne7 15.exd6 cxd6
16.h3 Qc7 17.Qd3 Ng6 18.Bb3 Be6 19.Rfd1 Bxb3 20.axb3 Rxa1 21.Rxa1 Nf4 22.Qe3 Qxc3
23.Rd1 Qxe3 24.fxe3 Ne2+ 25.Kh2 Re8 26.Rxd6 Rxe4 27.Rxb6 Rxe3 28.Rxb7 Rxb3
29.b5 Nc3 30.b6 Na4 31.Ne5 Rxb6 32.Rxf7 Re6 33.Ra7 Nc3 34.Ra8+ Kh7 35.Nd7 Re2
36.Nf8+ Kg8 37.Ng6+ Kf7 38.Nf4 Re7 39.Ra3 Ne4 40.Re3 Nf6 41.Rxe7+ Kxe7 42.Kg3 Kd6
43.Kf3 Ke5 44.Ng6+ Kf5 45.Ne7+ Ke6 46.Ng6 Nd7 47.Nf4+ Kf7 48.g4 Nf6 49.h4 Nxg4
50.Kxg4 g5 51.hxg5 hxg5 52.Kxg5  1/2-1/2

[Event "chess.com QF Blitz 3m+2spm 2016"]
[Site "chess.com INT"]
[Date "2016.05.04"]
[Round "13"]
[White "Nakamura,Hi"]
[Black "Harikrishna,P"]
[Result "0-1"]
[WhiteElo "2787"]
[BlackElo "2763"]

1.e4 e6 2.d4 d5 3.exd5 exd5 4.Nf3 Nf6 5.Bd3 Bd6 6.Qe2+ Be6 7.Ng5 Qe7 8.Nxe6 Qxe6
9.O-O Qxe2 10.Bxe2 O-O 11.c3 Nbd7 12.Rd1 Rfe8 13.Bd3 c6 14.Nd2 Bf4 15.g3 Bh6
16.b3 a5 17.a4 g6 18.Ba3 Re6 19.Nf3 Ne4 20.c4 Nef6 21.Re1 Rae8 22.Rxe6 Rxe6
23.Bb2 Ne4 24.Kg2 Nd2 25.Nxd2 Bxd2 26.Rd1 Bh6 27.Bc3 b6 28.cxd5 cxd5 29.b4 axb4
30.Bxb4 Nb8 31.Bb5 Nc6 32.Bxc6 Rxc6 33.Re1 Rc8 34.Re5 Bf8 35.Bd2 f6 36.Rxd5 Rc4
37.a5 bxa5 38.Bxa5 Kf7 39.Rd7+ Ke6 40.Rxh7 Rxd4 41.Rb7 Rd5 42.Rb6+ Kf7 43.Bc3 Be7
44.Bb2 g5 45.g4 Rd3 46.h3 Rd2 47.Rb7 Ke6 48.Bc1 Rc2 49.Be3 Bd6 50.Rb6 Ke7
51.Bd4 Rd2 52.Be3 Rd3 53.Ra6 Be5 54.Ra5 Ke6 55.Ra6+ Rd6 56.Rxd6+ Kxd6 57.Kf3 Kd5
58.Ke2 Kc4 59.Bb6 Kd5 60.Kd3 Ke6 61.Bd4 Bd6 62.Ke4 Bc7 63.Be3 Bd6 64.f3 Bc7
65.f4 Bd8 66.Bc1 Be7 67.Kf3 Kf7 68.Kg3 Bd6 69.Kf2 Be7 70.Bd2 Ke6 71.Kf3 Kf7
72.Ke4 Ke6 73.Be1 Bd8 74.h4 gxh4 75.Bxh4 Ba5 76.Be1 Bxe1 77.Kd4 Bd2 78.Ke4 Bc1  0-1

[Event "chess.com QF Blitz 3m+2spm 2016"]
[Site "chess.com INT"]
[Date "2016.05.04"]
[Round "14"]
[White "Harikrishna,P"]
[Black "Nakamura,Hi"]
[Result "0-1"]
[WhiteElo "2763"]
[BlackElo "2787"]

1.d4 e6 2.Nf3 Nf6 3.g3 d5 4.Bg2 Be7 5.O-O O-O 6.c4 dxc4 7.Qc2 a6 8.Qxc4 b5
9.Qc2 Bb7 10.Bg5 Be4 11.Qc1 Nbd7 12.Nbd2 Bd5 13.Nb3 c6 14.Rd1 Rc8 15.Nc5 Nxc5
16.dxc5 Qc7 17.b4 a5 18.a3 Ra8 19.Qb2 axb4 20.axb4 Ra4 21.Rxa4 bxa4 22.Ra1 Ra8
23.Nd4 Bxg2 24.Kxg2 h6 25.Bc1 Qb7 26.f3 Nd5 27.e4 Nxb4 28.Bd2 Bxc5 29.Nc2 Qb5
30.Nxb4 Qe2+ 31.Kh3 Rd8 32.Bc3 Qxb2 33.Bxb2 Bxb4 34.Rxa4 Bf8 35.Rc4 c5 36.Bc1 Rd4
37.Rc2 Ra4 38.Kg2 c4 39.Kf2 g5 40.g4 Bg7 41.h3 c3 42.Ke2 Kh7 43.Kd3 Kg6 44.Be3 Ra1
45.Rc1 Ra2 46.Rc2 Ra8 47.Ke2 f5  0-1

[Event "chess.com QF Blitz 3m+2spm 2016"]
[Site "chess.com INT"]
[Date "2016.05.04"]
[Round "15"]
[White "Nakamura,Hi"]
[Black "Harikrishna,P"]
[Result "0-1"]
[WhiteElo "2787"]
[BlackElo "2763"]

1.c4 Nf6 2.Nc3 e5 3.Nf3 Nc6 4.g3 d5 5.cxd5 Nxd5 6.Bg2 Nb6 7.d3 Be7 8.Be3 Be6
9.O-O O-O 10.Rc1 Nd5 11.Nxd5 Bxd5 12.Nd2 Bxg2 13.Kxg2 Qd5+ 14.Kg1 Qxa2 15.Qb3 Qxb3
16.Nxb3 Rfc8 17.Bc5 Bd6 18.e3 b6 19.Ba3 Bxa3 20.bxa3 Ne7 21.f4 exf4 22.gxf4 c5
23.Kf2 Rd8 24.Ke2 Nf5 25.Rc4 Rd7 26.e4 Nd6 27.Rc3 Nb5 28.Rcc1 Nxa3 29.Nd2 Rad8
30.Rf3 Nb5 31.Rg3 Nd4+ 32.Ke1 Ne6 33.f5 Nf4 34.Ra1 Nxd3+ 35.Kf1 Ne5 36.Nf3 Nxf3
37.Rxf3 Rd1+ 38.Rxd1 Rxd1+ 39.Ke2 Rd4 40.Ra3 Rxe4+ 41.Kd3 Re7 42.Kc4 f6 43.Kb5 Rc7
44.Kc4 g6 45.Rg3 Kg7 46.h4 Kh6  0-1

[Event "chess.com QF Blitz 1m+1spm 2016"]
[Site "chess.com INT"]
[Date "2016.05.04"]
[Round "17"]
[White "Nakamura,Hi"]
[Black "Harikrishna,P"]
[Result "1-0"]
[WhiteElo "2787"]
[BlackElo "2763"]

1.d3 g6 2.Nd2 Bg7 3.g3 d5 4.Bg2 c6 5.Ngf3 a5 6.O-O e5 7.e4 Ne7 8.Re1 Nd7
9.exd5 cxd5 10.c4 O-O 11.cxd5 Nxd5 12.Ne4 N7b6 13.Bg5 f6 14.Bd2 Kh8 15.Qb3 a4
16.Qb5 Bd7 17.Qc5 Bc6 18.Rac1 Rf7 19.d4 Bf8 20.Qc2 Nb4 21.Bxb4 Bxb4 22.Red1 Bxe4
23.Qxe4 Rd7 24.Bh3 Rd6 25.a3 Ba5 26.Rc5 Nd7 27.Bxd7 Qxd7 28.Nxe5 Qe8 29.Nxg6+ Qxg6
30.Qxb7 Qg8 31.Rdc1 Rxd4 32.Qf3 Bd8 33.Qxa8  1-0

[Event "chess.com QF Blitz 1m+1spm 2016"]
[Site "chess.com INT"]
[Date "2016.05.04"]
[Round "18"]
[White "Harikrishna,P"]
[Black "Nakamura,Hi"]
[Result "1-0"]
[WhiteElo "2763"]
[BlackElo "2787"]

1.Nf3 g6 2.g3 Bg7 3.Bg2 d6 4.O-O Bd7 5.d4 Qc8 6.e4 Nc6 7.d5 Ne5 8.Nxe5 Bxe5
9.Nd2 Bh3 10.Nc4 h5 11.f4 Bg7 12.f5 Bxg2 13.Kxg2 Nf6 14.fxg6 fxg6 15.e5 dxe5
16.Nxe5 O-O 17.Nxg6 Rf7 18.Bg5 Qg4 19.Qxg4 Nxg4 20.c3 Bf6 21.Bxf6 Ne3+ 22.Kh3 Nxf1
23.Nxe7+ Kh7 24.Rxf1 Raf8 25.d6 cxd6 26.Nd5 Rc8 27.Rf4 Rc5 28.c4 b5 29.b3 bxc4
30.bxc4 Kg6 31.Ne7+ Kh7 32.Nd5 Kg6 33.Kh4 Ra5 34.g4 hxg4 35.Rxg4+ Kf5 36.Rg5+ Ke6
37.Nf4+ Kxf6 38.Rxa5 Rh7+ 39.Rh5 Rg7 40.Rh6+ Kf5 41.Nd5 Ke5 42.Rh5+ Kd4 43.Nf4 Kxc4
44.Rg5 Rh7+ 45.Kg3 a5 46.h4 a4 47.h5 Kb4 48.Kh4 Ka3 49.Rg2 Rf7 50.Ng6 d5
51.h6 d4 52.Kg5 d3 53.Ne5 Rf8 54.Kh4 Re8 55.Ng4 Re2 56.Rg3 Kxa2 57.Rxd3 Re7
58.Nf6 Rf7 59.h7 Rf8 60.Ng8 Rf4+ 61.Kg5 Rd4 62.Rxd4 a3 63.Ra4  1-0

[Event "chess.com QF Blitz 1m+1spm 2016"]
[Site "chess.com INT"]
[Date "2016.05.04"]
[Round "19"]
[White "Nakamura,Hi"]
[Black "Harikrishna,P"]
[Result "1-0"]
[WhiteElo "2787"]
[BlackElo "2763"]

1.e4 d6 2.Nc3 e5 3.d4 exd4 4.Qxd4 Nc6 5.Qd1 Nf6 6.Bb5 Bd7 7.Nge2 g6 8.O-O Bg7
9.Bg5 h6 10.Be3 Ng4 11.Bc1 a6 12.Ba4 O-O 13.h3 Nf6 14.Bb3 Na5 15.Be3 Nxb3
16.axb3 Re8 17.Qd3 Bc6 18.f3 d5 19.exd5 Nxd5 20.Nxd5 Qxd5 21.Qxd5 Bxd5 22.Kf2 Bxb2
23.Rad1 Bc6 24.Bxh6 a5 25.Bf4 Re7 26.Nd4 Be8 27.Bc1 Bc3 28.Ba3 Rd7 29.Ne2 Bf6
30.Rxd7 Bxd7 31.Rd1 Bf5 32.Rd2 a4 33.bxa4 Rxa4 34.Bc5 Rc4 35.Bd4 Bh4+ 36.g3 Be7
37.c3 b5 38.g4 Be6 39.Rd1 Bd6 40.Ra1 f5 41.Ra8+ Kf7 42.Rh8 fxg4 43.hxg4 c5
44.Rh7+ Ke8 45.Bf6 b4 46.cxb4 cxb4 47.Rb7 Rc2 48.Ke3 b3 49.Nd4 Bc5 50.Ke4 Rc4
51.Kd3 Bxd4 52.Bxd4 Rc1 53.Bf6 Bc4+ 54.Kd4 Kf8 55.f4 Be6 56.f5 gxf5 57.g5 Rg1
58.Ke5 Re1+ 59.Kf4 Re4+ 60.Kg3 Rg4+ 61.Kf2 f4 62.Rb8+ Kf7 63.Kf3 Rh4 64.Ke4  1-0

[Event "chess.com QF Blitz 1m+1spm 2016"]
[Site "chess.com INT"]
[Date "2016.05.04"]
[Round "20"]
[White "Harikrishna,P"]
[Black "Nakamura,Hi"]
[Result "0-1"]
[WhiteElo "2763"]
[BlackElo "2787"]

1.Nf3 g6 2.g3 Bg7 3.Bg2 d6 4.O-O Nf6 5.d4 O-O 6.c4 Nbd7 7.Nc3 e5 8.e4 a6
9.dxe5 dxe5 10.Qc2 c6 11.Rd1 Re8 12.h3 Qe7 13.Be3 Qf8 14.Rab1 Bh6 15.Bxh6 Qxh6
16.b4 a5 17.b5 Nc5 18.Qd2 Qxd2 19.Nxd2 a4 20.Nf1 Be6 21.Ne3 Nfd7 22.Rd6 Kf8
23.bxc6 bxc6 24.Rxc6 Rec8 25.Rxc8+ Rxc8 26.Rb4 a3 27.Bf1 Nb8 28.Ned5 Nc6
29.Rb5 Nd4 30.Rb6 Nf3+ 31.Kg2 Ng5 32.Be2 Ngxe4 33.Nxe4 Nxe4 34.Rb3 Bxd5 35.cxd5 Rc2
36.Re3 Nd6 37.Rxe5 Rxa2 38.Re3 Rb2 39.Bf3 Nc4 40.Re1 a2 41.Ra1 Ne3+  0-1

[Event "chess.com QF Blitz 1m+1spm 2016"]
[Site "chess.com INT"]
[Date "2016.05.04"]
[Round "21"]
[White "Nakamura,Hi"]
[Black "Harikrishna,P"]
[Result "1-0"]
[WhiteElo "2787"]
[BlackElo "2763"]

1.e4 e6 2.Nc3 d5 3.d4 dxe4 4.Nxe4 Nd7 5.Nf3 Ngf6 6.Nxf6+ Nxf6 7.c3 Be7 8.Qc2 b6
9.Bb5+ Bd7 10.Bd3 c5 11.Be3 Qc7 12.O-O-O c4 13.Be2 b5 14.Ne5 Rb8 15.Bf4 Bd6
16.Kb1 b4 17.cxb4 Rxb4 18.Bd2 Ba4 19.Qc1 Bxd1 20.Bxd1 Rb8 21.Ba4+ Kf8 22.Nxc4 Nd5
23.Nxd6 Qxd6 24.Qc5 Ke7 25.Bg5+ f6 26.Qxa7+ Qc7 27.Qxc7+ Nxc7 28.Bf4 Rb7
29.Bxc7 Rxc7 30.Bb5 Rb8 31.a4 Rxb5 32.axb5 Rc4 33.Rd1 Kd6 34.Rd3 Rb4 35.Ra3 g5
36.Ra7 h5 37.Rb7 Rxd4 38.b6 Rb4 39.Rf7 Rxb6 40.Rxf6 Ke5 41.Rf8 Rb7 42.Kc2 Rc7+
43.Kb1 Rb7 44.h3 h4 45.Rf3 Kd4 46.Kc2 Rc7+ 47.Kd2 Rb7 48.Rd3+ Ke4 49.b3 e5
50.Rc3 Rf7 51.Rc4+ Kd5 52.Ke2 Rb7 53.Rg4 Rxb3 54.Rxg5 Kd4 55.Rg4+ e4 56.f3 Rb2+
57.Kf1 Rb1+ 58.Kf2 Rb2+ 59.Kg1 Rb1+ 60.Kh2 Re1 61.Rxh4  1-0

[Event "chess.com QF Blitz 1m+1spm 2016"]
[Site "chess.com INT"]
[Date "2016.05.04"]
[Round "22"]
[White "Harikrishna,P"]
[Black "Nakamura,Hi"]
[Result "0-1"]
[WhiteElo "2763"]
[BlackElo "2787"]

1.Nf3 g6 2.g3 Bg7 3.Bg2 d6 4.O-O Nf6 5.d4 O-O 6.c3 Nc6 7.Nbd2 e5 8.dxe5 dxe5
9.e4 Qe7 10.Nc4 Rd8 11.Qe2 b6 12.a4 a5 13.b3 Ba6 14.Ba3 Qe8 15.Rfd1 Bf8 16.Bxf8 Qxf8
17.Bf1 Qc5 18.Qc2 Kg7 19.Kg2 Bb7 20.Rxd8 Nxd8 21.Re1 Nd7 22.Qd2 Qe7 23.Ne3 Bxe4
24.Ng4 Bb7 25.Qh6+ Kg8 26.Re3 Qe6 27.h3 Qxb3 28.Kg1 Bxf3 29.Rxf3 Qe6 30.Bb5 c6
31.Rd3 Nf6 32.Bc4 Nxg4  0-1

[Event "chess.com QF Blitz 1m+1spm 2016"]
[Site "chess.com INT"]
[Date "2016.05.04"]
[Round "23"]
[White "Nakamura,Hi"]
[Black "Harikrishna,P"]
[Result "0-1"]
[WhiteElo "2787"]
[BlackElo "2763"]

1.e4 e5 2.Nc3 Nf6 3.Bc4 Nxe4 4.Qh5 Nd6 5.Bb3 Be7 6.Nf3 O-O 7.O-O Nc6 8.d4 Nxd4
9.Nxd4 exd4 10.Nd5 Ne8 11.Re1 Nf6 12.Nxe7+ Qxe7 13.Qxh7+ Kxh7 14.Rxe7 c6
15.Bg5 Kg6 16.h4 d5 17.Rd1 c5 18.c3 c4 19.Rxd4 cxb3 20.axb3 b6 21.Ra4 a5
22.Be3 Bd7 23.Rf4 Be6 24.Bxb6 Rfb8 25.Bc5 Rxb3 26.Ba3 d4 27.Rxd4 Nd5 28.h5+ Kh7
29.Rxe6 fxe6 30.Re4 Nxc3 31.Re3 Rc8 32.Kh2 a4 33.Rxe6 Nd5 34.Rd6 Nf6 35.h6 Ng4+  0-1

[Event "chess.com QF Blitz 1m+1spm 2016"]
[Site "chess.com INT"]
[Date "2016.05.04"]
[Round "24"]
[White "Harikrishna,P"]
[Black "Nakamura,Hi"]
[Result "0-1"]
[WhiteElo "2763"]
[BlackElo "2787"]

1.c4 g6 2.Nc3 Bg7 3.Nf3 Nf6 4.e3 d6 5.d4 O-O 6.Be2 Nbd7 7.d5 e5 8.dxe6 fxe6
9.O-O e5 10.b3 Kh8 11.Bb2 Qe7 12.Rc1 Nc5 13.b4 Nce4 14.Nxe4 Nxe4 15.Nd2 Nxd2
16.Qxd2 Bd7 17.c5 d5 18.Qxd5 Bc6 19.Qc4 a6 20.Qg4 Rf5 21.Rcd1 Rg5  0-1

[Event "chess.com QF Blitz 1m+1spm 2016"]
[Site "chess.com INT"]
[Date "2016.05.04"]
[Round "25"]
[White "Nakamura,Hi"]
[Black "Harikrishna,P"]
[Result "1-0"]
[WhiteElo "2787"]
[BlackElo "2763"]

1.e4 e5 2.Nc3 Nf6 3.Nf3 d6 4.d4 Nc6 5.dxe5 Nxe5 6.Nxe5 dxe5 7.Qxd8+ Kxd8
8.Bc4 Be6 9.Bxe6 fxe6 10.Bg5 Bb4 11.O-O-O+ Ke7 12.Ne2 h6 13.Bxf6+ gxf6 14.f3 h5
15.g3 a6 16.c3 Bc5 17.Kc2 Rad8 18.Nc1 Rxd1 19.Rxd1 h4 20.g4 h3 21.Nd3 Be3
22.Re1 Bg5 23.Rd1 b6 24.b4 Rd8 25.Nf2 Rh8 26.Nd3 Kf7 27.a4 Kg6 28.a5 bxa5
29.bxa5 Be3 30.Re1 Bg5 31.Rb1 Be3 32.Re1 Bg5 33.Nc5 Bf4 34.Re2 Kf7 35.Nd3 Rd8
36.Nxf4 exf4 37.Re1 e5 38.Rb1 Ke7 39.Rb7 Kd7 40.Ra7  1-0

[Event "GCT Rapid Paris 2016"]
[Site "Paris FRA"]
[Date "2016.06.09"]
[Round "1.3"]
[White "Nakamura,Hi"]
[Black "Kramnik,V"]
[Result "1/2-1/2"]
[WhiteElo "2787"]
[BlackElo "2812"]

1.c4 e6 2.Nc3 d5 3.d4 Nf6 4.cxd5 Nxd5 5.e4 Nxc3 6.bxc3 c5 7.Nf3 cxd4 8.cxd4 Bb4+
9.Bd2 Bxd2+ 10.Qxd2 O-O 11.Rc1 b6 12.Bd3 Bb7 13.O-O Nd7 14.Qf4 h6 15.e5 Rc8
16.Nd2 Rxc1 17.Rxc1 f6 18.Qg4 Nxe5 19.Qxe6+ Rf7 20.Bf5 g6 21.Nc4 Nxc4 22.Bxg6 Nd6
23.d5 Kf8 24.Bxf7 Nxf7 25.Rd1 Qd6 26.h4 b5 27.Qe3 a6 28.Qa7 Qc7 29.Re1 Qd7
30.Rd1 Kg7 31.Qb8 Nd6 32.Rc1 Nc4 33.Rd1 Nd6 34.Rc1 Nc4 35.Rd1 Nd6 36.Rd3 Kf7
37.Rd1  1/2-1/2

[Event "GCT Rapid Paris 2016"]
[Site "Paris FRA"]
[Date "2016.06.09"]
[Round "2.4"]
[White "Nakamura,Hi"]
[Black "Topalov,V"]
[Result "1-0"]
[WhiteElo "2787"]
[BlackElo "2761"]

1.c4 e5 2.Nc3 Nf6 3.Nf3 Nc6 4.g3 d5 5.cxd5 Nxd5 6.Bg2 Nb6 7.O-O Be7 8.Rb1 a5
9.d3 O-O 10.a3 Be6 11.Be3 Nd5 12.Nxd5 Bxd5 13.Qa4 Bf6 14.Rfc1 Nd4 15.Nxd4 exd4
16.Bxd4 Bxg2 17.Bxf6 Qxf6 18.Kxg2 c6 19.Rc5 Qe7 20.Qc2 Rfe8 21.e3 Qd7 22.d4 g6
23.a4 Re6 24.Rc1 Rf6 25.Re5 Qg4 26.Qd1 Qd7 27.Qe2 Qd6 28.Qc2 b6 29.Qe4 Kf8
30.g4 Qd7 31.g5 Rd6 32.Qf4 Kg8 33.Qe4 Kf8 34.Qf3 Kg8 35.Re4 Rd5 36.Re5 Rd6
37.Re4 Rd5 38.h4 Rf5 39.Rf4 Rxf4 40.Qxf4 Re8 41.Qf3 Re6 42.b3 Rd6 43.Qf4 Qd8
44.Rb1 Re6 45.Qf3 Qd6 46.Rd1 Qb4 47.Rc1 Qd6 48.Rd1 Qb4 49.e4 Qe7 50.d5 cxd5
51.exd5 Rd6 52.Qf4 Qe2 53.Rc1 Rd8 54.Rc7 Qe8 55.Qf3 Rd6 56.Rc6 Qd7 57.Rxd6 Qxd6
58.Qe4 Kf8 59.Qd4 Ke7 60.Kf3 Kd7 61.Qg4+ Ke7 62.Qd4 Kd7 63.Ke2 Kc7 64.Qc4+ Kd7
65.Kd3 Ke7 66.Qe4+ Kd7 67.Qd4 Ke8 68.f4 Kd7 69.Qc4 Ke7 70.Ke4 Kd8 71.Qd4 Kd7
72.Qc4 Ke7 73.Kd3 Kd8 74.Qd4 Kd7 75.Ke2 Qe7+ 76.Kd2 Qd6 77.Qc4 Kd8 78.Kc2 Qa3
79.Qc3 Kd7 80.Qc6+ Ke7 81.Qxb6 Qa2+ 82.Kc3 Qa1+ 83.Kc4  1-0

[Event "GCT Rapid Paris 2016"]
[Site "Paris FRA"]
[Date "2016.06.09"]
[Round "3.3"]
[White "Giri,A"]
[Black "Nakamura,Hi"]
[Result "1/2-1/2"]
[WhiteElo "2782"]
[BlackElo "2787"]

1.Nf3 Nf6 2.g3 d5 3.Bg2 e6 4.O-O Be7 5.c4 O-O 6.b3 c5 7.Bb2 d4 8.e3 Nc6 9.exd4 cxd4
10.Re1 Ne8 11.Ne5 Nxe5 12.Rxe5 f6 13.Re1 e5 14.Ba3 Nd6 15.d3 Nf7 16.Bxe7 Qxe7
17.Nd2 Qc7 18.b4 Bd7 19.c5 Bc6 20.Bxc6 Qxc6 21.Qf3 Qxf3 22.Nxf3 b6 23.Rac1 Rfc8
24.Nd2 bxc5 25.bxc5 Ng5 26.c6 Rc7 27.f4 Nf7 28.Nb3 Rac8 29.Na5 g5 30.Rc4 gxf4
31.gxf4 exf4 32.Rxd4 Ne5 33.Kf2 Nxc6 34.Nxc6 Rxc6 35.Re7 R6c7  1/2-1/2

[Event "GCT Rapid Paris 2016"]
[Site "Paris FRA"]
[Date "2016.06.09"]
[Round "5.1"]
[White "Carlsen,M"]
[Black "Nakamura,Hi"]
[Result "1/2-1/2"]
[WhiteElo "2855"]
[BlackElo "2787"]

1.d4 Nf6 2.c4 e6 3.Nc3 Bb4 4.Nf3 O-O 5.Bg5 c5 6.e3 cxd4 7.exd4 d5 8.Rc1 Be7
9.a3 b6 10.Bxf6 Bxf6 11.cxd5 exd5 12.Bb5 a6 13.Ba4 b5 14.Bb3 Re8+ 15.Ne2 Bg4
16.O-O Bxf3 17.gxf3 Ra7 18.Rc5 Rd7 19.Nc3 Rd6 20.Rxd5 Nc6 21.Rxd6 Qxd6 22.Re1 Rxe1+
23.Qxe1 Qd8 24.d5 Nd4 25.Qd1 g6 26.Kg2 Nf5 27.a4 bxa4 28.Bxa4 Nd6 29.Qd3 Be5
30.Ne4 Qh4 31.h3 Qf4 32.Nxd6 Bxd6 33.Qxa6 Qg5+ 34.Kf1 Qc1+ 35.Kg2 Qg5+  1/2-1/2

[Event "GCT Rapid Paris 2016"]
[Site "Paris FRA"]
[Date "2016.06.10"]
[Round "6.1"]
[White "Nakamura,Hi"]
[Black "So,W"]
[Result "1/2-1/2"]
[WhiteElo "2787"]
[BlackElo "2770"]

1.d4 Nf6 2.c4 e6 3.Nf3 d5 4.Nc3 Bb4 5.Qa4+ Nc6 6.e3 O-O 7.Qc2 dxc4 8.Bxc4 Bd6
9.a3 e5 10.h3 Bd7 11.O-O h6 12.b4 exd4 13.exd4 Qc8 14.Nd5 Nxd5 15.Bxd5 Bf5
16.Qb3 Ne7 17.Bc4 b5 18.Bxb5 Bxh3 19.Re1 Be6 20.Bc4 Bxc4 21.Qxc4 Qg4 22.Bd2 Nf5
23.Qd5 Rae8 24.Rxe8 Rxe8 25.Re1 Rxe1+ 26.Bxe1 Nh4 27.Nxh4 Qxh4 28.Kf1 g6
29.a4 Qe7 30.Qa8+ Kg7 31.Qxa7 Bxb4 32.Bxb4 Qxb4 33.a5 Qb1+ 34.Ke2 Qc2+ 35.Ke3 Qb3+
36.Ke2 Qc2+ 37.Ke3 Qb3+ 38.Ke4  1/2-1/2

[Event "GCT Rapid Paris 2016"]
[Site "Paris FRA"]
[Date "2016.06.10"]
[Round "7.2"]
[White "Vachier Lagrave,M"]
[Black "Nakamura,Hi"]
[Result "0-1"]
[WhiteElo "2789"]
[BlackElo "2787"]

1.e4 e5 2.Nf3 Nc6 3.Bb5 Nf6 4.d3 Bc5 5.c3 O-O 6.O-O Re8 7.Bc4 d6 8.b4 Bb6
9.a4 a5 10.b5 Ne7 11.Be3 Bxe3 12.fxe3 Ng6 13.Nbd2 c6 14.Rb1 d5 15.Ba2 h6
16.Qc2 Be6 17.c4 dxe4 18.Nxe4 Nxe4 19.dxe4 Qe7 20.bxc6 bxc6 21.c5 Bxa2 22.Qxa2 Qxc5
23.Rb7 Qxe3+ 24.Kh1 Rf8 25.Qc4 Rab8 26.Qxc6 Rxb7 27.Qxb7 Qe2 28.Qb5 Qxe4
29.Qxa5 Ra8 30.Qc7 Rxa4 31.h3 Qd5 32.Qc8+ Kh7 33.Rb1 e4 34.Ng1 Rc4 35.Qe8 Nh4
36.Rb8 Qd2  0-1

[Event "GCT Rapid Paris 2016"]
[Site "Paris FRA"]
[Date "2016.06.10"]
[Round "8.1"]
[White "Nakamura,Hi"]
[Black "Aronian,L"]
[Result "1-0"]
[WhiteElo "2787"]
[BlackElo "2792"]

1.d4 Nf6 2.c4 e6 3.Nf3 d5 4.Nc3 Nbd7 5.cxd5 exd5 6.Bf4 c6 7.e3 Nh5 8.Bg5 Be7
9.Bxe7 Qxe7 10.Qc2 Nb6 11.O-O-O Nf6 12.Bd3 Be6 13.h3 O-O-O 14.Kb1 Kb8 15.Nd2 Rc8
16.Nb3 Nfd7 17.Ne2 c5 18.dxc5 Nxc5 19.Nxc5 Rxc5 20.Qd2 Rhc8 21.Nd4 Nc4 22.Bxc4 dxc4
23.Qc3 Bd7 24.f3 f5 25.Rhe1 Rd5 26.e4 fxe4 27.fxe4 Re5 28.Nf5 Bxf5 29.exf5 Rxe1
30.Rxe1 Qd7 31.g4 a6 32.a3 Ka8 33.Ka2 h5 34.Re6 hxg4 35.hxg4 Qd1 36.Re4 Qd7
37.Qd4 Qc7 38.Qe3 Qd6 39.Qd4 Qc7 40.Re6 Rd8 41.Qe4 Rc8 42.Rxa6+ Kb8 43.Re6 c3
44.bxc3 Qxc3 45.Qe5+ Qxe5 46.Rxe5 Rc4 47.g5 Ka7 48.Kb3 Rc1 49.g6 Ka6 50.Re7 Rc5
51.Rxg7 Rxf5 52.Rf7 Rg5 53.g7 b5 54.Kc3 Rg4 55.Kd3 Ka5 56.Ke3 Rg1 57.Ke4 Ka4
58.Ra7+ Kb3 59.Kf5 Rxg7 60.Rxg7 Kxa3 61.Ke4  1-0

[Event "GCT Rapid Paris 2016"]
[Site "Paris FRA"]
[Date "2016.06.10"]
[Round "9.1"]
[White "Caruana,F"]
[Black "Nakamura,Hi"]
[Result "0-1"]
[WhiteElo "2804"]
[BlackElo "2787"]

1.Nf3 Nf6 2.g3 d5 3.Bg2 e6 4.O-O Be7 5.c4 O-O 6.b3 c5 7.e3 d4 8.exd4 cxd4
9.d3 Nc6 10.Qe2 Nd7 11.Nbd2 e5 12.Ne4 Re8 13.a3 a5 14.Rb1 h6 15.g4 Nf8 16.g5 hxg5
17.Nexg5 Bf5 18.c5 Ng6 19.b4 axb4 20.axb4 Qd7 21.Re1 Bf8 22.Qc2 b5 23.Qb3 Ra6
24.h4 Bg4 25.Re4 Bf5 26.Re1 Bg4 27.Re4 Nd8 28.Bd2 Kh8 29.h5 Bxh5 30.Bh3 f5
31.Kg2 Nf4+ 32.Bxf4 exf4 33.Rxf4 g6 34.Rxd4 Qb7 35.Qd5 Qxd5 36.Rxd5 Nc6 37.Nd4 Nxd4
38.Rxd4 Kg7 39.Rc1 Re7 40.c6 Kf6 41.f4 Rc7 42.Nh7+ Kg7 43.Rd7+ Rxd7 44.cxd7 Be7
45.Re1 Kf7 46.Ng5+ Bxg5 47.fxg5 Rd6 48.Re5 Rxd7 49.Rxb5 Rxd3 50.Rb6 Bf3+
51.Kh2 Be4 52.Bf1 Rd1 53.Bc4+ Kg7 54.b5 f4 55.Kh3 Bf3  0-1

[Event "GCT Blitz Paris 2016"]
[Site "Paris FRA"]
[Date "2016.06.11"]
[Round "1.2"]
[White "Caruana,F"]
[Black "Nakamura,Hi"]
[Result "0-1"]
[WhiteElo "2804"]
[BlackElo "2787"]

1.e4 e5 2.Nf3 Nc6 3.Bc4 Bc5 4.O-O Nf6 5.d3 d6 6.c3 a6 7.a4 O-O 8.Bg5 h6 9.Bh4 g5
10.Nxg5 hxg5 11.Bxg5 Kg7 12.Qf3 Rh8 13.Nd2 Kg6 14.h4 Bg4 15.Bxf6 Qd7 16.Qg3 Kxf6
17.d4 exd4 18.e5+ Ke7 19.Ne4 Rag8 20.Nf6 Qf5 21.Bd3 Qe6 22.b4 Ba7 23.c4 Nxe5
24.Nxg8+ Rxg8 25.Rae1 Kf8 26.f4 Bh5 27.Qxg8+ Kxg8 28.fxe5 dxe5 29.Rf5 Bg6
30.Rfxe5 Qf6 31.Re8+ Kg7 32.Bxg6 d3+  0-1

[Event "GCT Blitz Paris 2016"]
[Site "Paris FRA"]
[Date "2016.06.11"]
[Round "2.4"]
[White "Nakamura,Hi"]
[Black "Vachier Lagrave,M"]
[Result "1/2-1/2"]
[WhiteElo "2787"]
[BlackElo "2789"]

1.c4 e5 2.Nc3 Nf6 3.Nf3 Nc6 4.g3 d5 5.cxd5 Nxd5 6.Bg2 Nb6 7.O-O Be7 8.Rb1 a5
9.d3 O-O 10.Be3 Be6 11.d4 exd4 12.Nxd4 Nxd4 13.Bxd4 c6 14.f4 Bf6 15.Bc5 Be7
16.Bd4 Bf6 17.Bc5 Be7 18.Bxe7 Qxe7 19.Qd4 Nd5 20.f5 Nxc3 21.bxc3 Bxa2 22.f6 gxf6
23.Ra1 Bd5 24.Bxd5 cxd5 25.Rxf6 Qe4 26.Qd2 Rae8 27.Rxa5 Qe3+ 28.Qxe3 Rxe3
29.Rxd5 Rxe2 30.Rg5+ Kh8 31.Rf2  1/2-1/2